ARRUPE JESUIT UNIVERSITY

CORONAVIRUS -STOP THE SPREAD - CLEAN,DISINFECT,COVER

Cutting down trees : (Record no. 119406)

MARC details
000 -LEADER
fixed length control field 01560pam a2200373 a 4500
001 - CONTROL NUMBER
control field 3940798
003 - CONTROL NUMBER IDENTIFIER
control field ARRUPE
005 - DATE AND TIME OF LATEST TRANSACTION
control field 20131219170909.0
008 - FIXED-LENGTH DATA ELEMENTS--GENERAL INFORMATION
fixed length control field 930625s1994 nhua b 001 0 eng
010 ## - LIBRARY OF CONGRESS CONTROL NUMBER
LC control number 93005650
020 ## - INTERNATIONAL STANDARD BOOK NUMBER
International Standard Book Number 0435080903 (paper) :
Terms of availability $22.95
020 ## - INTERNATIONAL STANDARD BOOK NUMBER
International Standard Book Number 0435080881 (cloth)
020 ## - INTERNATIONAL STANDARD BOOK NUMBER
International Standard Book Number 0852556128 (James Currey paper)
020 ## - INTERNATIONAL STANDARD BOOK NUMBER
International Standard Book Number 0852556624 (James Currey Cloth)
040 ## - CATALOGING SOURCE
Original cataloging agency DLC
Transcribing agency DLC
Modifying agency DLC
043 ## - GEOGRAPHIC AREA CODE
Geographic area code f-za---
050 00 - LIBRARY OF CONGRESS CALL NUMBER
Classification number DT3058.B46
Item number M66 1993
082 00 - DEWEY DECIMAL CLASSIFICATION NUMBER
Classification number 330.96894
Edition number 20
300 ## - PHYSICAL DESCRIPTION
Other physical details ill. ;
Dimensions 23 cm.
100 1# - MAIN ENTRY--PERSONAL NAME
Personal name Moore, Henrietta L.
9 (RLIN) 6135
245 10 - TITLE STATEMENT
Title Cutting down trees :
Remainder of title gender, nutrition, and agricultural change in the Northern Province of Zambia, 1890-1990 /
Statement of responsibility, etc Henrietta L. Moore, Megan Vaughan.
260 ## - PUBLICATION, DISTRIBUTION, ETC. (IMPRINT)
Place of publication, distribution, etc Portsmouth, NH :
Name of publisher, distributor, etc Heinemann ;
Place of publication, distribution, etc London :
Name of publisher, distributor, etc J. Currey ;
Place of publication, distribution, etc Lusaka :
Name of publisher, distributor, etc University of Zambia Press,
Date of publication, distribution, etc 1994.
300 ## - PHYSICAL DESCRIPTION
Extent xxvi, 278 p. :
440 #0 - SERIES STATEMENT/ADDED ENTRY--TITLE
Title Social history of Africa
9 (RLIN) 6136
504 ## - BIBLIOGRAPHY, ETC. NOTE
Bibliography, etc Includes bibliographical references (p. 255-266) and index.
650 #0 - SUBJECT ADDED ENTRY--TOPICAL TERM
Topical term or geographic name as entry element Bemba (African people)
General subdivision Agriculture.
9 (RLIN) 6137
650 #0 - SUBJECT ADDED ENTRY--TOPICAL TERM
Topical term or geographic name as entry element Bemba (African people)
General subdivision Economic conditions.
9 (RLIN) 6138
650 #0 - SUBJECT ADDED ENTRY--TOPICAL TERM
Topical term or geographic name as entry element Food supply
Geographic subdivision Zambia
-- Northern Province.
9 (RLIN) 6139
650 #0 - SUBJECT ADDED ENTRY--TOPICAL TERM
Topical term or geographic name as entry element Bemba (African people)
General subdivision Nutrition.
9 (RLIN) 6140
651 #0 - SUBJECT ADDED ENTRY--GEOGRAPHIC NAME
Geographic name Northern Province (Zambia)
General subdivision Economic conditions.
9 (RLIN) 6141
700 1# - ADDED ENTRY--PERSONAL NAME
Personal name Vaughan, Megan.
9 (RLIN) 6142
906 ## - LOCAL DATA ELEMENT F, LDF (RLIN)
a 7
b cbc
c orignew
d 1
e ocip
f 19
g y-gencatlg
942 ## - ADDED ENTRY ELEMENTS (KOHA)
Source of classification or shelving scheme Library of Congress Classification
Koha item type Monograph ( Printed materials)
Holdings
Withdrawn status Lost status Source of classification or shelving scheme Damaged status Not for loan Home library Current library Shelving location Date acquired Total Checkouts Full call number Barcode Date last seen Copy number Price effective from Koha item type
    Library of Congress Classification     ARRUPE LIBRARY ARRUPE LIBRARY Main Collection 19/12/2013   DT3058.B46 M66 1993 464122459 07/12/2017 1 19/12/2013 Monograph ( Printed materials)

 

Arrupe Library. PO Box MP320 Mt Pleasant, Harare, Zimbabwe
263 242 745411|librarian@aju.ac.zw